Statystyki dla Zawody na literę L

Kliknij tutaj aby rozwiązać quiz!

Ogólne statystyki

  • Ten quiz został rozwiązany 90 razy
    (71 od ostatniego zresetowania)
  • Średni wynik to 6 z 15

Statystyki odpowiedzi

Zawód% Poprawnych
lekarz
86%
laryngolog
61%
listonosz
58%
lotnik
54%
lutnik
53%
logopeda
47%
lakiernik
41%
latarnik
34%
lodziarz
32%
lektor
31%
leśniczy
25%
lekkoatleta
24%
logistyk
24%
lokaj
24%
lichwiarz
20%

Rozkład punktacji

Percentyl według liczby udzielonych odpowiedzi

Procent ludzi z każdym wynikiem

Twoja historia wyników

Nie rozwiązałeś tego quizu od ostatniego zresetowania